[Event "N3 - Cahors / Tournefeuille"]
[Site "?"]
[Date "2002.10.13"]
[Round "1.7"]
[White "Chartier"]
[Black "Casella, Laurent"]
[Result "0-1"]
[WhiteElo "1800"]
[BlackElo "1930"]
[EventDate "2003.07.04"]
[PlyCount "82"]

1.d4 Nf6 2.Nc3 g6 3.e4 d6 4.f4 Bg7 5.Nf3 O-O 6.Bd3 Nbd7 7.e5 Ne8 8.O-O c5 
9.dxc5 dxe5 10.Bc4 Qa5 11.Qe2 e6 12.Kh1 exf4 13.Bxf4 Qxc5 14.Ne4 Qe7 15.
Rad1 Nb6 16.Bb3 Bd7 17.Nd6 Bc6 18.Ng5 Nxd6 19.Rxd6 Kh8 20.Be5 Qxg5 21.
Bxg7+ Kxg7 22.Qf2 Nd5 23.Qd4+ Kg8 24.h4 Qe7 25.Qe5 Rad8 26.Rxd8 Rxd8 27.c4
Qxh4+ 28.Kg1 Nb6 29.a4 Qd4+ 30.Qxd4 Rxd4 31.c5 Nxa4 32.Kf2 Nxb2 33.Ke3 
Re4+ 34.Kd2 Nc4+ 35.Kd3 Ne5+ 36.Kc2 Nd7 37.Rd1 Nxc5 38.Rd8+ Kg7 39.Ba2 
Re2+ 40.Kb1 Be4+ 41.Ka1 Na4 0-1

[Event "Regionale 5"]
[Site "?"]
[Date "2002.10.13"]
[Round "1"]
[White "Carriere, Jean-Philippe"]
[Black "Hantisse, Alain"]
[Result "1/2-1/2"]
[WhiteElo "1870"]
[BlackElo "1860"]
[EventDate "2002.??.??"]
[Annotator "Millau - Colomiers"]
[PlyCount "61"]

1.e4 c6 2.d4 d5 3.Nc3 dxe4 4.Nxe4 Nd7 5.Nf3 Ngf6 6.Bd3 Nxe4 7.Bxe4 Nf6 8.
Bd3 Bg4 9.O-O Bxf3 10.Qxf3 Qxd4 11.Be3 Qg4 12.Qxg4 Nxg4 13.Bd4 e6 14.h3 
Nf6 15.Rfe1 Be7 16.f4 c5 17.Bc3 g6 18.Bb5+ Kf8 19.g4 Rg8 20.Rad1 a6 21.Bf1
Nd5 22.Bd2 Rd8 23.Kh1 Bh4 24.Re4 Bg3 25.f5 gxf5 26.Bh6+ Ke7 27.gxf5 Nf6 
28.Rxd8 Kxd8 29.fxe6 Nxe4 30.exf7 Rh8 31.f8=Q+ 1/2-1/2

[Event "Regionale 5"]
[Site "?"]
[Date "2002.10.13"]
[Round "1"]
[White "Bonnet, Daniel"]
[Black "Sicret, Francis"]
[Result "0-1"]
[WhiteElo "1499"]
[BlackElo "1410"]
[EventDate "2002.??.??"]
[Annotator "Sainte Foy d'A-Montauban"]
[PlyCount "54"]

1.e4 e5 2.Nf3 Nc6 3.Bc4 h6 4.O-O Bc5 5.d3 Nf6 6.Nh4 O-O 7.Re1 d5 8.exd5 
Nxd5 9.Nf3 Bg4 10.Re4 Nf6 11.Re1 Re8 12.h3 Bxf3 13.Qxf3 Nd4 14.Qd1 c6 15.
c3 Nf5 16.Qb3 Nd6 17.Qd1 Qb6 18.Qf3 e4 19.Qf4 exd3 20.Rd1 Nxc4 21.b4 Bxf2+
22.Qxf2 Qxf2+ 23.Kxf2 Re2+ 24.Kf3 Ne5+ 25.Kg3 Nh5+ 26.Kh2 Nf3+ 27.Kh1 Ng3#
0-1

[Event "Regionale 5"]
[Site "?"]
[Date "2002.10.13"]
[Round "1"]
[White "Galby, Vassili"]
[Black "Desquines, Charles"]
[Result "0-1"]
[WhiteElo "1299"]
[BlackElo "1250"]
[EventDate "2002.??.??"]
[Annotator "Sainte Foy d'A-Montauban"]
[PlyCount "132"]

1.e4 c5 2.Nf3 d6 3.d4 cxd4 4.Nxd4 Nf6 5.Nc3 a6 6.Bg5 e6 7.f4 Be7 8.Qd3 Qc7
9.O-O-O b5 10.g3 Bb7 11.Bxf6 Bxf6 12.Bh3 O-O 13.Rhe1 Nd7 14.Bxe6 Nc5 15.
Qe2 Bxd4 16.Rxd4 Nxe6 17.Rd3 b4 18.Nd5 Bxd5 19.exd5 Nc5 20.Re3 g6 21.b3 
Qb7 22.Qf3 a5 23.Re7 Qc8 24.h4 a4 25.h5 axb3 26.axb3 Ra1+ 27.Kd2 Rxe1 28.
Kxe1 Re8 29.Rxe8+ Qxe8+ 30.Kd2 Qe4 31.Qg4 Qxd5+ 32.Kc1 Qxh5 33.Qc8+ Kg7 
34.Qb8 Qh1+ 35.Kb2 Ne4 36.Qxb4 d5 37.Qd4+ Nf6 38.c4 Qg2+ 39.Kc3 Qxg3+ 40.
Kb4 Qe1+ 41.Kb5 Qe8+ 42.Kc5 Qe7+ 43.Kb5 dxc4 44.bxc4 Qd7+ 45.Qxd7 Nxd7 46.
c5 Nxc5 47.Kxc5 Kf6 48.Kd4 Kf5 49.Ke3 f6 50.Kf3 h6 51.Kg3 g5 52.fxg5 fxg5 
53.Kh3 Kf4 54.Kh2 h5 55.Kh3 Kf3 56.Kh2 g4 57.Kg1 h4 58.Kh2 Kf4 59.Kg2 h3+ 
60.Kh2 Kf3 61.Kg1 g3 62.Kh1 g2+ 63.Kg1 Kg4 64.Kh2 Kf3 65.Kg1 h2+ 66.Kxh2 
Kf2 0-1

[Event "N3 - Tournefeuille / Cahors"]
[Site "?"]
[Date "2002.10.13"]
[Round "1.6"]
[White "Bruzzone, Carlo"]
[Black "Bony, Regis"]
[Result "1-0"]
[WhiteElo "2010"]
[BlackElo "1840"]
[EventDate "2003.07.04"]
[PlyCount "77"]

1.e4 c5 2.Nf3 Nc6 3.d4 cxd4 4.Nxd4 Nf6 5.Nc3 e5 6.Ndb5 d6 7.Bg5 a6 8.Na3 
b5 9.Nd5 Be6 10.Bxf6 gxf6 11.c3 Bxd5 12.exd5 Ne7 13.Nxb5 Rb8 14.Na3 Bg7 
15.Rb1 O-O 16.Be2 f5 17.O-O Qc8 18.Qd3 Ng6 19.Qxa6 Nf4 20.Rfd1 Qd8 21.Bf1 
Qg5 22.Kh1 Qh5 23.Nc4 Rfd8 24.Ne3 Ra8 25.Qc4 e4 26.g3 Be5 27.gxf4 Bxf4 28.
h3 Kh8 29.Qe2 Qh4 30.Nxf5 Qf6 31.Qxe4 Be5 32.f4 Re8 33.Re1 Qg6 34.fxe5 
Rxe5 35.Qg4 Rxf5 36.Qxg6 fxg6 37.a3 Rff8 38.Bg2 Rfc8 39.Re6 1-0

[Event "Regionale 5"]
[Site "?"]
[Date "2002.10.13"]
[Round "1"]
[White "Catala, Laurent"]
[Black "Lafuma, Antoine"]
[Result "0-1"]
[WhiteElo "1690"]
[BlackElo "1590"]
[EventDate "2002.??.??"]
[Annotator "Castel Moissac 1 - CEIT"]
[PlyCount "110"]

1.e4 e6 2.Nf3 d5 3.exd5 exd5 4.d4 Bd6 5.Bd3 Nf6 6.Nc3 O-O 7.O-O c6 8.Ne2 
Ne4 9.Ng3 Re8 10.c3 Bg4 11.h3 Nxg3 12.fxg3 Bh5 13.g4 Bg6 14.Ng5 Re7 15.
Bxg6 hxg6 16.Rf2 Qe8 17.Bd2 Nd7 18.Qf1 Nf6 19.Bf4 Bxf4 20.Rxf4 Re2 21.Rf2 
Rxf2 22.Qxf2 Ne4 23.Nxe4 dxe4 24.Re1 Qe6 25.a3 Re8 26.Re3 f5 27.gxf5 gxf5 
28.Qf4 Kf7 29.g4 Kf6 30.Kf2 g5 31.Qxf5+ Qxf5+ 32.gxf5 Kxf5 33.Kg3 b6 34.b4
a5 35.c4 axb4 36.axb4 Ra8 37.Rb3 Ra1 38.c5 b5 39.h4 gxh4+ 40.Kxh4 Rd1 41.
Kg3 Rd3+ 42.Rxd3 exd3 43.Kf2 Ke4 44.d5 Kxd5 45.Ke3 Kc4 46.Kd2 Kxb4 47.Kxd3
Kxc5 48.Kc3 b4+ 49.Kb2 Kb5 50.Ka2 c5 51.Kb2 c4 52.Ka1 c3 53.Kb1 Kc4 54.Kc1
Kd3 55.Kd1 c2+ 0-1

[Event "Regionale 5"]
[Site "?"]
[Date "2002.10.13"]
[Round "1"]
[White "Bachkat, Ali"]
[Black "Dirat, Sylvain"]
[Result "1-0"]
[WhiteElo "1650"]
[BlackElo "1770"]
[EventDate "2002.??.??"]
[Annotator "Castel Moissac 1 - CEIT"]
[PlyCount "39"]

1.Nf3 d5 2.e4 dxe4 3.Ng5 Qd5 4.h4 h6 5.Nc3 Qe5 6.Ngxe4 Bf5 7.d4 Qe6 8.d5 
Qc8 9.Qe2 a6 10.d6 Nf6 11.Bf4 Nxe4 12.Nxe4 Bxe4 13.dxc7 Nc6 14.Qxe4 Qe6 
15.Qxe6 fxe6 16.O-O-O Rc8 17.Be2 g6 18.Bg4 Na7 19.Bxe6 Ra8 20.Rd3 1-0

[Event "Regionale 5"]
[Site "?"]
[Date "2002.10.13"]
[Round "1"]
[White "Marouani, Selim"]
[Black "Trancoso, Mickael"]
[Result "0-1"]
[WhiteElo "1499"]
[BlackElo "1640"]
[EventDate "2002.??.??"]
[Annotator "Millau - Colomiers"]
[PlyCount "76"]

1.e4 e5 2.Nf3 Nc6 3.Bb5 Nf6 4.Bxc6 dxc6 5.O-O Bd6 6.Nc3 O-O 7.d4 Qe7 8.Bg5
Bg4 9.Qd3 Rad8 10.dxe5 Bxe5 11.Qe3 Bxf3 12.Qxf3 h6 13.Bh4 Qb4 14.Rab1 Rd2 
15.Rfe1 Rxc2 16.Qf5 Bxc3 17.bxc3 Qxc3 18.e5 Nd5 19.e6 fxe6 20.Qxe6+ Kh8 
21.Bg3 Qd2 22.Rbd1 Qg5 23.h4 Qf5 24.a3 Qxe6 25.Rxe6 Kh7 26.f3 Rc3 27.h5 
Rxa3 28.Rde1 a5 29.Rg6 Rf6 30.Re6 Rxe6 31.Rxe6 Re3 32.Be5 a4 33.f4 a3 34.
Rg6 a2 35.Bxg7 Re1+ 36.Kh2 Nxf4 37.Rg4 Nxh5 38.Bc3 a1=Q 0-1

[Event "Regionale 5"]
[Site "?"]
[Date "2002.10.13"]
[Round "1"]
[White "Rigal, Samy"]
[Black "Masse, Alexandre"]
[Result "1/2-1/2"]
[WhiteElo "1510"]
[BlackElo "1600"]
[EventDate "2002.??.??"]
[Annotator "Castel Moissac 1 - CEIT"]
[PlyCount "98"]

1.e4 e5 2.Nf3 Nf6 3.Nc3 Bb4 4.a3 Bxc3 5.dxc3 d6 6.Bd3 h6 7.O-O O-O 8.Re1 
b6 9.Be3 d5 10.exd5 e4 11.Bc4 exf3 12.Qxf3 Bb7 13.Red1 Qd7 14.Bb3 Qg4 15.
Qf4 Na6 16.Qe5 Rae8 17.Qd4 Qxd4 18.Rxd4 Rd8 19.Rad1 Nc5 20.Ba2 Rfe8 21.Bf4
Rd7 22.c4 Na4 23.Bb3 Rde7 24.f3 Nc5 25.Ba2 Nh5 26.Bd2 Nf6 27.b4 Na6 28.Bb3
Rd8 29.Bc3 Nb8 30.b5 a5 31.d6 cxd6 32.Rxd6 Red7 33.Rxd7 Rxd7 34.Re1 Kf8 
35.Be5 a4 36.Ba2 Rd8 37.Bc7 Rc8 38.Bxb6 Nbd7 39.Ba5 Re8 40.Rd1 Re2 41.Bb4+
Ke8 42.Bb1 Re5 43.Re1 Rxe1+ 44.Bxe1 Nc5 45.Bb4 Nfd7 46.c3 g6 47.Kf2 Ke7 
48.Ke3 Ke6 49.Kd4 Nb3+ 1/2-1/2

[Event "Regionale 5"]
[Site "?"]
[Date "2002.10.13"]
[Round "1"]
[White "Sauty, Francis"]
[Black "Mesane, Arnaud"]
[Result "1/2-1/2"]
[WhiteElo "1270"]
[BlackElo "1320"]
[EventDate "2002.??.??"]
[Annotator "BlayeslesM - Montech"]
[PlyCount "75"]

1.d4 d5 2.c4 dxc4 3.Nc3 Nf6 4.Nf3 Nc6 5.e3 Na5 6.Qa4+ Nc6 7.Bxc4 e6 8.O-O 
Be7 9.Qc2 O-O 10.Ne4 h6 11.Nxf6+ Bxf6 12.Qe4 Ne7 13.b3 c5 14.Bd3 Nf5 15.
Bb2 cxd4 16.Bxd4 g6 17.Bxf6 Qxf6 18.Rfc1 Nd6 19.Qb4 Rd8 20.Rab1 b6 21.Be2 
Bb7 22.Rc7 Rdc8 23.Rxc8+ Nxc8 24.h3 Ne7 25.a4 Nd5 26.Qd4 Qxd4 27.Nxd4 Nc3 
28.Re1 Nxe2+ 29.Rxe2 e5 30.Nf3 Bxf3 31.gxf3 a5 32.Kg2 g5 33.h4 f6 34.hxg5 
hxg5 35.f4 gxf4 36.exf4 Re8 37.fxe5 Rxe5 38.Kf3 1/2-1/2

[Event "Regionale 5"]
[Site "?"]
[Date "2002.10.13"]
[Round "1"]
[White "Bakouche, Paul"]
[Black "Haddab, Roland"]
[Result "1-0"]
[WhiteElo "1630"]
[BlackElo "1700"]
[EventDate "2002.??.??"]
[Annotator "Castel Moissac 1 - CEIT"]
[PlyCount "41"]

1.a3 e5 2.c4 a6 3.d3 Nf6 4.Nf3 Nc6 5.e3 d6 6.Be2 Be7 7.Nc3 d5 8.cxd5 Nxd5 
9.Qb3 Nf6 10.O-O O-O 11.Rd1 Bc5 12.Bd2 Ba7 13.Rac1 Rb8 14.Ng5 Qe8 15.Nce4 
Nxe4 16.dxe4 h6 17.Nf3 Be6 18.Bc4 Na5 19.Bxa5 b6 20.Bc3 Bxc4 21.Qxc4 1-0

[Event "R6R1 Foix / Muret 3"]
[Site "Foix"]
[Date "2002.10.13"]
[Round "1.4"]
[White "Barraud, Claudine"]
[Black "Carinola, Raphaël"]
[Result "0-1"]
[WhiteElo "1230"]
[BlackElo "1580"]
[EventDate "2002.??.??"]
[PlyCount "68"]

1.e4 c5 2.d4 cxd4 3.Nf3 Nc6 4.Nxd4 e6 5.Be2 Nf6 6.Nc3 Bb4 7.Nxc6 bxc6 8.
Bd2 d5 9.e5 Nd7 10.f4 O-O 11.O-O f6 12.a3 Bc5+ 13.Kh1 fxe5 14.fxe5 Nxe5 
15.Rxf8+ Qxf8 16.Qf1 Bd7 17.Qf4 Bd6 18.Rf1 Nf7 19.Qg4 Qe7 20.Be3 e5 21.Qh5
e4 22.Ba6 g6 23.Qe2 Qh4 24.g3 Bxg3 25.Nd1 Bg4 26.Qg2 Be5 27.Bf4 Bf3 28.
Bxe5 Bxg2+ 29.Kxg2 Nxe5 30.Nc3 Rf8 31.Ne2 Rxf1 32.Kxf1 Qxh2 33.Nd4 e3 34.
Bb7 Ng4 0-1

[Event "Regionale 5"]
[Site "?"]
[Date "2002.10.13"]
[Round "1"]
[White "Riviere, Frederic"]
[Black "Landes, Rene"]
[Result "1/2-1/2"]
[WhiteElo "1720"]
[BlackElo "1660"]
[EventDate "2002.??.??"]
[Annotator "Castel Moissac 1 - CEIT"]
[PlyCount "92"]

1.Nf3 Nf6 2.Nc3 d5 3.d4 e6 4.a3 c5 5.Bg5 cxd4 6.Nxd4 Be7 7.e3 a6 8.Bd3 O-O
9.O-O Nbd7 10.Re1 Re8 11.Bxf6 Nxf6 12.e4 dxe4 13.Bxe4 Nxe4 14.Nxe4 Qc7 15.
Qe2 Bd7 16.Rad1 Rad8 17.Qh5 Bc6 18.Ng5 Bxg5 19.Qxg5 Rd5 20.Qg4 Red8 21.c4 
R5d7 22.h4 e5 23.Nf5 f6 24.Ne3 Rxd1 25.Rxd1 Rxd1+ 26.Qxd1 h6 27.b4 Qd7 28.
Qxd7 Bxd7 29.Nd5 Kf7 30.f3 Ke6 31.Kf2 Bc6 32.Nc3 f5 33.g3 g5 34.hxg5 hxg5 
35.Ke3 f4+ 36.gxf4 exf4+ 37.Kf2 Ke5 38.b5 axb5 39.cxb5 Bd5 40.Ne2 Bc4 41.
Nc3 Bd3 42.Ke1 Kd4 43.Kd2 Bf5 44.a4 g4 45.Ne2+ Ke5 46.fxg4 Bxg4 1/2-1/2

[Event "Regionale 5"]
[Site "?"]
[Date "2002.10.13"]
[Round "1"]
[White "Gayraud, Christian"]
[Black "Vuaillat, Jack"]
[Result "1/2-1/2"]
[WhiteElo "1530"]
[BlackElo "1700"]
[EventDate "2002.??.??"]
[Annotator "BlayeslesM - Montech"]
[PlyCount "54"]

1.e4 e6 2.d4 d5 3.exd5 Qxd5 4.Nc3 Bb4 5.Bd2 Bxc3 6.Bxc3 Nf6 7.Nf3 O-O 8.
Bd3 Nbd7 9.O-O b6 10.Re1 Bb7 11.Bd2 Rad8 12.c4 Qh5 13.Be2 Qg4 14.h3 Qg6 
15.Bf4 Bxf3 16.Bxf3 e5 17.Bxe5 Nxe5 18.Rxe5 Rfe8 19.Rxe8+ Rxe8 20.Rc1 Qf5 
21.Rc3 Qe6 22.d5 Qe5 23.Qc1 Qd4 24.Re3 Rxe3 25.fxe3 Qd3 26.b3 a5 27.Qe1 
Ne4 1/2-1/2

[Event "R6R2 Ramonville 3 / Cahors 2"]
[Site "Ramonville"]
[Date "2002.11.17"]
[Round "2.3"]
[White "Damiano, Hervé"]
[Black "Daval, Christophe"]
[Result "1-0"]
[WhiteElo "1410"]
[BlackElo "1500"]
[EventDate "2002.??.??"]
[PlyCount "43"]

1.d4 c5 2.d5 d6 3.c4 g6 4.Nc3 Bg7 5.Bd2 Nf6 6.e4 Nbd7 7.Nf3 O-O 8.Bd3 Ng4 
9.Qc2 Nge5 10.Nxe5 Nxe5 11.O-O Nxd3 12.Qxd3 f5 13.f3 f4 14.Rab1 a6 15.Ne2 
g5 16.b4 b6 17.bxc5 bxc5 18.Bc3 Qc7 19.Rb2 Bd7 20.Rfb1 Rab8 21.Ba5 Qc8 22.
Rxb8 1-0

[Event "R6R2 Ramonville 3 / Cahors 2"]
[Site "Ramonville"]
[Date "2002.11.17"]
[Round "2.2"]
[White "Van Hall, Pieter"]
[Black "Raynaud, Pascal"]
[Result "0-1"]
[WhiteElo "1580"]
[BlackElo "1540"]
[EventDate "2002.??.??"]
[PlyCount "48"]

1.d4 Nf6 2.Bg5 d6 3.c4 Nbd7 4.Nc3 c6 5.e4 Qc7 6.Rc1 e5 7.d5 a5 8.Bd3 Be7 
9.Nge2 Nc5 10.Bb1 h6 11.Bh4 Qb6 12.Qc2 Bg4 13.Bg3 Nh5 14.O-O Bg5 15.Rce1 
a4 16.Kh1 Nf4 17.f3 Bd7 18.Nxf4 exf4 19.Bf2 Qb4 20.e5 dxe5 21.Rxe5+ Kd8 
22.dxc6 bxc6 23.Bxc5 Qxc4 24.Ne4 Qxf1+ 0-1

[Event "R6R2 Ramonville 3 / Cahors 2"]
[Site "Ramonville"]
[Date "2002.11.17"]
[Round "2.1"]
[White "Mehadhebi, Karim"]
[Black "Le Ligeour, Yann"]
[Result "1-0"]
[WhiteElo "1499"]
[BlackElo "1580"]
[EventDate "2002.??.??"]
[PlyCount "123"]

1.c4 d5 2.Nf3 Nf6 3.g3 b6 4.Bg2 Bb7 5.cxd5 Nxd5 6.b3 e6 7.Bb2 Nf6 8.O-O 
Bd6 9.Nc3 O-O 10.Qc2 c5 11.e4 Nbd7 12.Rfe1 Ne5 13.Nb5 Nxf3+ 14.Bxf3 Bc7 
15.Nxc7 Qxc7 16.d4 Nd7 17.Rac1 Rac8 18.Qc4 a6 19.a4 e5 20.dxc5 Qxc5 21.Qd3
Qe7 22.b4 Rfd8 23.Rxc8 Rxc8 24.Rd1 Nf6 25.Ba3 Qc7 26.Bg2 h6 27.f3 Qc3 28.
Bf1 Rc7 29.Kf2 Qxd3 30.Rxd3 Rc2+ 31.Be2 Bc6 32.a5 bxa5 33.bxa5 Bb5 34.Re3 
Ra2 35.Bb4 Nd7 36.Bc3 Nc5 37.Kf1 Bxe2+ 38.Rxe2 Rxe2 39.Kxe2 f6 40.Bb4 Nb3 
41.Kd3 Kf7 42.Kc4 Nd4 43.f4 Ke6 44.f5+ Kd7 45.Bf8 h5 46.Bxg7 Ke7 47.Bh6 
Nc6 48.Bd2 Kd6 49.h3 Nd4 50.Bb4+ Kd7 51.Kd5 Ne2 52.Be1 Ng1 53.g4 hxg4 54.
hxg4 Nf3 55.Bg3 Ng5 56.Bh4 Nh7 57.Bf2 Ng5 58.Be3 Nf3 59.Bh6 Nd4 60.g5 fxg5
61.Bxg5 Nc6 62.Bd2 1-0

[Event "R6R2 Ramonville / Foix"]
[Site "Ramonville"]
[Date "2002.11.17"]
[Round "2.4"]
[White "Carinola, Raphaël"]
[Black "Fernandez  de Grado, Robin"]
[Result "1-0"]
[WhiteElo "1580"]
[BlackElo "1100"]
[EventDate "2002.??.??"]
[PlyCount "65"]

1.Nf3 c6 2.d4 d5 3.c4 Nf6 4.Nc3 Bf5 5.Bg5 g6 6.Bxf6 exf6 7.e3 Bg7 8.cxd5 
cxd5 9.Bb5+ Nc6 10.Qb3 Rb8 11.Qxd5 Bd7 12.Qe4+ Be6 13.Bxc6+ bxc6 14.Qxc6+ 
Bd7 15.Qe4+ Be6 16.b3 O-O 17.O-O f5 18.Qd3 Re8 19.Rac1 Rc8 20.Ne2 Re7 21.
Rxc8 Qxc8 22.Rc1 Rc7 23.Rxc7 Qxc7 24.Qc3 Qe7 25.Nf4 Bd7 26.Qc7 Qa3 27.h3 
Qe7 28.Qxa7 Qe8 29.a4 Bf6 30.Ne5 Bxe5 31.dxe5 g5 32.Nh5 f6 33.Nxf6+ 1-0

[Event "R6R2 Ramonville / Foix"]
[Site "Ramonville"]
[Date "2002.11.17"]
[Round "2.3"]
[White "Fernandez de Grado, Gabriel"]
[Black "Evrard, Emmanuel"]
[Result "0-1"]
[WhiteElo "1199"]
[BlackElo "1580"]
[EventDate "2002.??.??"]
[PlyCount "62"]

1.d4 b6 2.Bg5 Bb7 3.Nf3 h6 4.Bh4 g5 5.Bg3 Bg7 6.e3 d6 7.Bc4 Nf6 8.O-O O-O 
9.Nbd2 Nbd7 10.h4 g4 11.Nh2 h5 12.f3 e5 13.fxg4 hxg4 14.Nxg4 d5 15.Nxf6+ 
Nxf6 16.Bd3 e4 17.Be2 Bc8 18.c4 c6 19.Be5 Nh7 20.g3 Bxe5 21.dxe5 Qe7 22.
Bg4 Qxe5 23.Bxc8 Qxg3+ 24.Kh1 Qxh4+ 25.Kg2 Kh8 26.Bf5 Rg8+ 27.Bg4 Rxg4+ 
28.Qxg4 Qxg4+ 29.Kh2 Ng5 30.Rh1 Kg7 31.cxd5 Rh8# 0-1

[Event "R6R2 Ramonville / Foix"]
[Site "Ramonville"]
[Date "2002.11.17"]
[Round "2.1"]
[White "Rizzo, Carlo"]
[Black "Lanllier, Bruno"]
[Result "0-1"]
[WhiteElo "1580"]
[BlackElo "1890"]
[EventDate "2002.??.??"]
[PlyCount "68"]

1.c4 Nf6 2.Nc3 g6 3.g3 Bg7 4.Bg2 d6 5.e4 O-O 6.Nge2 Nc6 7.O-O e5 8.d3 Nd4 
9.h3 Nh5 10.Nxd4 exd4 11.Ne2 c5 12.g4 Nf6 13.f4 Nd7 14.f5 h6 15.Nf4 g5 16.
Nd5 Be5 17.Bd2 f6 18.Be1 Kg7 19.h4 b6 20.Rf3 Rh8 21.hxg5 hxg5 22.Rh3 Rxh3 
23.Bxh3 Bb7 24.Qf3 Bxd5 25.exd5 Bf4 26.Bg3 Ne5 27.Qg2 Nxd3 28.Rd1 Bxg3 29.
Rxd3 Be5 30.Qh1 Qh8 31.Kf2 Qh4+ 32.Kf1 Re8 33.Bg2 Qxg4 34.Bh3 Qf4+ 0-1

[Event "R6R2 Ramonville  / Foix"]
[Site "Ramonville"]
[Date "2002.11.17"]
[Round "2.2"]
[White "Masot, Liberto"]
[Black "Bertrand, Guillaume"]
[Result "1-0"]
[WhiteElo "1790"]
[BlackElo "1390"]
[EventDate "2002.??.??"]
[PlyCount "65"]

1.e4 e5 2.Nf3 Nc6 3.c3 d6 4.d4 Bd7 5.Bc4 Nf6 6.Ng5 d5 7.exd5 Na5 8.Qe2 
Nxc4 9.Qxc4 Bd6 10.O-O O-O 11.dxe5 Bxe5 12.f4 Bd6 13.Qd3 h6 14.Nf3 Nh5 15.
Ne5 Ba4 16.b3 Be8 17.Nd2 Nxf4 18.Qe4 Nxg2 19.Kxg2 Qg5+ 20.Ng4 f5 21.Nf3 
Qxg4+ 22.Qxg4 fxg4 23.Nd4 Rxf1 24.Kxf1 Bxh2 25.Kg2 Be5 26.Ne2 Bb5 27.Nd4 
Bd3 28.Be3 Rf8 29.c4 h5 30.Re1 h4 31.Bg1 h3+ 32.Kh1 Bd6 33.Ne6 1-0

[Event "R6R2 Luchon 2 / ste Foy 2"]
[Site "Luchon"]
[Date "2002.11.17"]
[Round "2.4"]
[White "Leleu, Benjamin"]
[Black "Lefauqueur, Alain"]
[Result "0-1"]
[WhiteElo "1140"]
[BlackElo "1500"]
[EventDate "2002.??.??"]
[PlyCount "150"]

1.e4 e5 2.Nf3 Nf6 3.Nxe5 d6 4.Nf3 Nxe4 5.Qe2 Qe7 6.d3 Nf6 7.Qxe7+ Bxe7 8.
Be2 h6 9.Be3 b6 10.O-O Bb7 11.Nbd2 Nbd7 12.Rad1 O-O-O 13.a4 g5 14.h3 g4 
15.hxg4 Nxg4 16.Bd4 Rhg8 17.Ra1 h5 18.Ne4 f5 19.Ng3 h4 20.Nxf5 Bf8 21.
N5xh4 Nde5 22.b4 Nxf3+ 23.Nxf3 Ne5 24.Bxe5 dxe5 25.b5 Bg7 26.Ra2 e4 27.
dxe4 Bxe4 28.Rd1 Rde8 29.a5 Bb7 30.Re1 Bc3 31.Bc4 Rxe1+ 32.Nxe1 Re8 33.Nd3
Bxa5 34.Bb3 Bc3 35.Ra3 Re7 36.Bc4 Bd2 37.Ra1 Rg7 38.f3 Bxf3 39.Ne1 Bxe1 
40.Rxe1 Rxg2+ 41.Kf1 Rxc2 42.Bd3 Rc5 43.Kf2 Bh5 44.Ra1 Kb8 45.Rg1 Bf7 46.
Rh1 Bd5 47.Rh4 Bb3 48.Be4 Bd5 49.Bf5 Rxb5 50.Rh8+ Kb7 51.Bc8+ Kc6 52.Rh7 
a5 53.Bd7+ Kc5 54.Bxb5 Kxb5 55.Rxc7 a4 56.Rc1 Kb4 57.Rb1+ Bb3 58.Ke3 a3 
59.Kd2 a2 60.Ra1 Ka3 61.Kc3 b5 62.Re1 b4+ 63.Kd4 Bc2 64.Kc4 b3 65.Kc3 Bb1 
66.Re7 a1=Q+ 67.Kd2 Qd4+ 68.Ke2 Qc4+ 69.Kf3 Bd3 70.Ra7+ Kb2 71.Re7 Kc2 72.
Re5 b2 73.Rg5 b1=Q 74.Rg2+ Be2+ 75.Rxe2+ Qxe2+ 0-1

[Event "R6R2 Luchon 2 / ste Foy 2"]
[Site "Luchon"]
[Date "2002.11.17"]
[Round "2.2"]
[White "Ros, Teddy"]
[Black "Aranda, Berenger"]
[Result "0-1"]
[WhiteElo "1399"]
[BlackElo "1600"]
[EventDate "2002.??.??"]
[PlyCount "102"]

1.d4 f5 2.Nc3 Nf6 3.g3 g6 4.Bg2 Bg7 5.Nf3 d6 6.O-O O-O 7.Bg5 Qe8 8.Qd2 c6 
9.Rae1 Na6 10.a3 Rb8 11.Bf4 Bd7 12.b4 b6 13.Qd3 Nc7 14.e3 Rc8 15.Nd2 Qf7 
16.e4 fxe4 17.Ncxe4 Nxe4 18.Nxe4 Ne6 19.Ng5 Nxf4 20.gxf4 Qxf4 21.Qe3 e5 
22.c3 Rce8 23.Nh3 Qxe3 24.Rxe3 exd4 25.Rxe8 Rxe8 26.c4 c5 27.b5 Re2 28.
Bd5+ Kf8 29.Nf4 Ra2 30.Ne6+ Bxe6 31.Bxe6 Rxa3 32.Bd7 d3 33.Bg4 d2 34.f4 
Rc3 35.f5 gxf5 36.Rxf5+ Ke7 37.Be2 Rc1+ 38.Kf2 d1=Q 39.Bxd1 Rxd1 40.h4 Rd4
41.Rg5 Bf6 42.Rg8 Bxh4+ 43.Kf3 Rxc4 44.Rg7+ Ke6 45.Rxh7 Bf6 46.Rxa7 Rb4 
47.Ra2 Rxb5 48.Re2+ Be5 49.Rg2 Rb3+ 50.Ke2 Rb2+ 51.Kf1 Rxg2 0-1

[Event "R6R2 Luchon 2 / ste Foy 2"]
[Site "Luchon"]
[Date "2002.11.17"]
[Round "2.1"]
[White "Breton, Yves"]
[Black "Boulogne, Laurent"]
[Result "1-0"]
[WhiteElo "1980"]
[BlackElo "1670"]
[EventDate "2002.??.??"]
[PlyCount "103"]

1.b3 d5 2.Bb2 c5 3.e3 a6 4.f4 Nc6 5.Nf3 Bg4 6.h3 Bxf3 7.Qxf3 e6 8.a3 Nf6 
9.Nc3 Qc7 10.g4 h6 11.h4 d4 12.Ne4 Nd7 13.O-O-O O-O-O 14.Bg2 a5 15.a4 Nb4 
16.Kb1 Nb6 17.c3 dxc3 18.dxc3 N4d5 19.c4 Ne7 20.Be5 Qc6 21.Qe2 Ned5 22.
cxd5 exd5 23.Nd2 c4 24.Rc1 Qe6 25.bxc4 d4 26.Qf3 Rd7 27.Bxd4 Nxa4 28.Qe4 
Qxe4+ 29.Bxe4 Bb4 30.Nb3 Kd8 31.Bxg7 Rg8 32.Bf6+ Ke8 33.Bf5 Rc7 34.Rhd1 
Be7 35.Bxe7 Kxe7 36.c5 Re8 37.Rd4 b5 38.cxb6 Rxc1+ 39.Kxc1 Nxb6 40.Re4+ 
Kf8 41.Rxe8+ Kxe8 42.Nxa5 Nd5 43.Kd2 Nf6 44.h5 Ke7 45.Kd3 Kd6 46.Kd4 Ne8 
47.Nc4+ Ke7 48.Nb6 Nc7 49.Nd5+ Nxd5 50.Kxd5 Kf6 51.Kd6 Kg7 52.Ke7 1-0

[Event "R6R2 Luchon / Loures Bar."]
[Site "Luchon"]
[Date "2002.11.17"]
[Round "2.4"]
[White "Cordier, Michel"]
[Black "Saint-Martin, Olivier"]
[Result "1/2-1/2"]
[WhiteElo "1360"]
[BlackElo "1390"]
[EventDate "2002.??.??"]
[PlyCount "92"]

1.e4 e5 2.Nf3 Nc6 3.Bc4 Bc5 4.d3 Nf6 5.Nc3 d6 6.h3 Be6 7.Bxe6 fxe6 8.Nh2 
Nd4 9.Ng4 Qe7 10.Be3 Nxg4 11.Qxg4 Nxc2+ 12.Kd2 Nxe3 13.fxe3 O-O 14.Rhf1 
Rxf1 15.Rxf1 Rf8 16.Rf3 d5 17.exd5 exd5 18.Nxd5 Qd6 19.Nc3 Bb4 20.Kc2 Bxc3
21.bxc3 Qa3 22.Qc4+ Kh8 23.Rxf8+ Qxf8 24.Qxc7 h6 25.Qxe5 Qf2+ 26.Kb3 Qxg2 
27.Qe8+ Kh7 28.Qe4+ Qxe4 29.dxe4 g5 30.Kc2 h5 31.Kd2 g4 32.hxg4 hxg4 33.
Ke2 Kg6 34.Kf2 Kf6 35.Kg3 Ke5 36.Kxg4 Kxe4 37.Kg5 Kxe3 38.Kf5 Kd3 39.Ke5 
Kxc3 40.Kd5 b5 41.Kc5 a6 42.Kb6 b4 43.Ka5 Kc4 44.Ka4 a5 45.Kxa5 b3 46.
axb3+ Kxb3 1/2-1/2

[Event "R6R2 Luchon / Loures Bar."]
[Site "Luchon"]
[Date "2002.11.17"]
[Round "2.3"]
[White "Percie du Sert, Maxime"]
[Black "Ponsolle, René"]
[Result "1-0"]
[WhiteElo "1410"]
[BlackElo "1499"]
[EventDate "2002.??.??"]
[PlyCount "121"]

1.e4 e5 2.Nf3 Nc6 3.Bc4 Nf6 4.d3 d6 5.c3 Be7 6.Be3 Na5 7.Nbd2 Ng4 8.Qe2 
Nxe3 9.Qxe3 Nxc4 10.Nxc4 O-O 11.O-O f5 12.exf5 Bxf5 13.d4 e4 14.Nfd2 Bg5 
15.Qe2 Re8 16.Ne3 Bg6 17.Rae1 d5 18.c4 c6 19.cxd5 cxd5 20.Qb5 Bxe3 21.fxe3
b6 22.b3 Qd6 23.Rc1 a6 24.Rc6 axb5 25.Rxd6 Rxa2 26.Nb1 Rb2 27.Rxd5 Rxb3 
28.Nd2 Rb2 29.Rd1 Bh5 30.Rxh5 Ra8 31.Re5 Raa2 32.Rf1 h6 33.Rd1 Rxd2 34.
Rxd2 Rxd2 35.Rxb5 Re2 36.Rb3 Kf7 37.Kf1 Rd2 38.Rxb6 Rc2 39.Rb5 Rc1+ 40.Kf2
Rc2+ 41.Kg3 Re2 42.Kf4 Rxg2 43.Kxe4 Rxh2 44.d5 Ke7 45.Ke5 Rh5+ 46.Kd4 Rg5 
47.e4 Rg4 48.Rb7+ Kd6 49.Rb6+ Kc7 50.Re6 Kd7 51.Kc5 Rg2 52.Rd6+ Ke7 53.Ra6
Rc2+ 54.Kd4 Rd2+ 55.Ke5 Rf2 56.d6+ Kd7 57.Ra7+ Kc6 58.Rc7+ Kb6 59.Ke6 Rf6+
60.Ke7 Rxd6 61.Kxd6 1-0

[Event "R6R2 Albi 2 / Rodez 2"]
[Site "Albi"]
[Date "2002.11.17"]
[Round "2.4"]
[White "Flaujac, Benoit"]
[Black "Grondin, Luciano"]
[Result "1-0"]
[WhiteElo "1299"]
[BlackElo "1340"]
[EventDate "2002.??.??"]
[PlyCount "37"]

1.e4 d6 2.d4 Nf6 3.Nc3 g6 4.Nf3 Bg7 5.Bc4 c5 6.Be3 Qa5 7.O-O O-O 8.h3 a6 
9.e5 Nfd7 10.e6 fxe6 11.Bxe6+ Kh8 12.Ng5 h6 13.Nf7+ Kh7 14.Qg4 Qc7 15.Qh4 
Nf6 16.Bxh6 Bxe6 17.Ng5+ Kg8 18.Bxg7 Qd7 19.Qh8# 1-0

[Event "R5-B-Castel M 1/Montech"]
[Site "?"]
[Date "2002.11.17"]
[Round "6.2"]
[White "Masse, Alexandre"]
[Black "Sauty, Francis"]
[Result "1-0"]
[WhiteElo "1600"]
[BlackElo "1270"]
[EventDate "2003.01.23"]
[PlyCount "67"]
[SourceDate "2003.01.23"]

1.Nf3 d6 2.d4 Nf6 3.c4 g6 4.Bf4 Bg7 5.e3 O-O 6.Nc3 Nbd7 7.Bd3 Re8 8.Ne4 
Nxe4 9.Bxe4 e5 10.dxe5 dxe5 11.Bg5 f6 12.Bh4 c6 13.O-O Qe7 14.h3 Qc5 15.
Rc1 a5 16.Qd2 Qb6 17.b3 Nc5 18.Bb1 Be6 19.Qc3 Rad8 20.Rfd1 Rxd1+ 21.Rxd1 
Bf5 22.Bxf5 gxf5 23.Qc2 e4 24.Nd4 f4 25.Qe2 fxe3 26.fxe3 Qc7 27.Qh5 Qf7 
28.Qxc5 f5 29.Qxf5 Bxd4 30.Qxf7+ Kxf7 31.Rxd4 Kg6 32.Kf2 Rf8+ 33.Ke2 b5 
34.Rxe4 1-0